| 000 -CABECERA |
| Longitud fija campo de control |
00697nam a2200205 a 4500 |
| 001 - NÚMERO DE CONTROL |
| Número de control |
3414 |
| 003 - IDENTIFICADOR DEL NÚMERO DE CONTROL |
| Identificador del número de control |
CDMR |
| 005 - FECHA Y HORA DE LA ÚLTIMA TRANSACCIÓN |
| Fecha y hora de la última transacción |
20130326183456.0 |
| 008 - CÓDIGOS DE INFORMACIÓN DE LONGITUD FIJA |
| Códigos de información de longitud fija |
130130s1914||||||||||||||||||||||||||||d |
| 040 ## - FUENTE DE LA CATALOGACIÓN |
| Centro catalogador de origen |
CDMR |
| Lengua de catalogación |
cat |
| Centro transcriptor |
CDMR |
| 100 1# - PUNTO DE ACCESO PRINCIPAL-NOMBRE DE PERSONA |
| Nombre de persona |
Sarda, Joan |
| 9 (RLIN) |
2457 |
| 245 10 - MENCIÓN DE TÍTULO |
| Título |
Semblanzas |
| Mención de responsabilidad, etc. |
Juan Sardá |
| Resto del título |
: crónicas sociales, de costumbres, políticas, barcelonesas, etc. : estudios jurídicos |
| 260 ## - PUBLICACIÓN, DISTRIBUCIÓN, ETC. (PIE DE IMPRENTA) |
| Lugar de publicación, distribución, etc. |
Barcelona |
| Fecha de publicación, distribución, etc. |
1914 |
| Nombre del editor, distribuidor, etc. |
Librería de Francisco Puig y Alfonso |
| 300 ## - DESCRIPCIÓN FÍSICA |
| Extensión |
352 ; |
| Dimensiones |
20 cm |
| 490 0# - MENCIÓN DE SERIE |
| Mención de serie |
Obras escogidas. Serie castellana |
| Designación de volumen o secuencia |
2 |
| 500 ## - NOTA GENERAL |
| Nota general |
Index onomàstic dels 3 v. al final de l'obra |
| 650 04 - PUNTO DE ACCESO ADICIONAL DE MATERIA - TÉRMINO DE MATERIA |
| Término de materia o nombre geográfico como elemento inicial |
Periodistes catalans |
| Subdivisión de forma |
Articles |
| 9 (RLIN) |
4 |
| 700 1# - PUNTO DE ACCESO ADICIONAL - NOMBRE DE PERSONA |
| Nombre de persona |
Lluhí Rissech, J. |
| 9 (RLIN) |
2460 |
| 942 ## - ENTRADA DE ELEMENTOS AGREGADOS (KOHA) |
| Koha [por defecto] tipo de item |
Monografies |
| Fuente de clasificaión o esquema |
|